Toronto Subway Stations (with a map) - Statistics

General Stats
  • This quiz has been taken 255 times
  • The average score is 43 of 75
Answers on the Map
Answers color-coded by a green-red scale on the quiz's map according to % correct below.
 
Answer Stats
Answer % Correct
Queen
85%
Union
84%
Spadina
82%
King
79%
Bay
78%
Dundas
77%
Finch
75%
Eglinton
74%
Bloor-Yonge
73%
St George
73%
Museum
71%
Kipling
70%
Kennedy
69%
Queen's Park
69%
College
68%
Lawrence
67%
Islington
66%
Bathurst
65%
Eglinton West
64%
Rosedale
64%
St Andrew
64%
St Patrick
64%
Vaughan Metropolitan Centre
62%
St Clair
61%
High Park
60%
Pape
60%
Sheppard-Yonge
60%
York University
60%
Osgoode
59%
Wellesley
59%
Don Mills
58%
Lawrence West
57%
York Mills
57%
Keele
56%
Castle Frank
55%
Leslie
55%
Ossington
55%
Jane
54%
St Clair West
54%
Victoria Park
54%
Yorkdale
54%
Bayview
53%
Dufferin
53%
Finch West
52%
Wilson
52%
Highway 407
51%
Royal York
51%
Sherbourne
51%
Bessarion
50%
Christie
50%
Davisville
50%
Dundas West
50%
Main Street
50%
Scarborough Centre
50%
Sheppard West
49%
Summerhill
49%
Broadview
48%
North York Centre
48%
Dupont
47%
McCowan
47%
Old Mill
47%
Pioneer Village
47%
Runnymede
47%
Warden
47%
Chester
46%
Coxwell
45%
Donlands
43%
Ellesmere
43%
Lansdowne
43%
Woodbine
43%
Glencairn
41%
Greenwood
40%
Lawrence East
40%
Midland
40%
Downsview Park
37%
No matching quizzes found
Score Distribution
Percent of People with Each Score
Percentile by Number Answered
Your Score History
You have not taken this quiz